| 000 | 01178nam a2200325 a 4500 | ||
|---|---|---|---|
| 005 | 20200104041516.0 | ||
| 008 | 140224b1997 MX ||||| |||| 00| 0 spa d | ||
| 040 |
_aCO-BoIAVH _cCO-BoIAVH |
||
| 041 | _aspa | ||
| 044 | _amx | ||
| 090 |
_aLB _b00908 |
||
| 100 |
_aPortales, Gloria L. _99861 |
||
| 111 |
_aTaller Internacional para la Conservación de los Lagomorfos Mexicanos en Peligro de Extinción _cMexico _d1996 _944795 |
||
| 245 |
_aTaller internacional para la conservación de los lagomorfos mexicanos en peligro de extinción _breporte del taller |
||
| 260 |
_aMéxico _bIUCN _bSSC _bConservation Breeding Specialist Group _c1997 |
||
| 300 | _a168 p. | ||
| 650 |
_aLagomorfos mejicanos _99863 |
||
| 650 |
_aEspecies en peligro _944796 |
||
| 650 |
_aConservación de biodiversidad _9345 |
||
| 650 |
_aManejo de biodiversidad _92614 |
||
| 650 |
_aHistoria natural _944799 |
||
| 650 |
_aEstrategias de conservación _944800 |
||
| 700 |
_aReyes, Patricia _99865 |
||
| 700 |
_aRangel, Hector _99866 |
||
| 700 |
_aVelazquez, Alejandro _99867 |
||
| 700 |
_aMiller, Philip _99868 |
||
| 700 |
_aEllis, Susie _99869 |
||
| 700 |
_aSmith, Andrew T. _99870 |
||
| 942 |
_cINFORME _2z |
||
| 999 |
_c920 _d920 |
||